Química

Guardat en:
Dades bibliogràfiques
Autor principal: Chang, Raymond (Autor)
Format: Llibre
Idioma:espanyol
Publicat: Ciudad de México McGraw Hill 2003
Edició:7a. ed
Matèries:
Etiquetes: Afegir etiqueta
Sense etiquetes, Sigues el primer a etiquetar aquest registre!

MARC

LEADER 00000nam a2200000 a 4500
001 UCM9843
003 CL-VaPUC
005 20241205124257.0
008 030523e20030000MX |||||||||||||||||spa|d
999 |c 303929  |d 303927 
020 |a 9701038940 
040 |c Pontificia Universidad Católica de Valparaíso 
082 0 4 |a 540  |b CHA  |2 21 
100 0 |a Chang, Raymond  |e author  |9 476437 
245 1 0 |a Química 
250 |a 7a. ed 
260 |a Ciudad de México  |b McGraw Hill  |c 2003 
300 |a 1001 p 
583 |a last modification  |c 20171031 11:00:24  |k Rodrigo Vera 
650 0 |a Química  |x Teoría atómica  |9 259583 
650 0 |a Termodinámica  |9 263973 
650 0 |a Cinética química  |9 260945 
650 7 |a Química nuclear  |2 CL-VaPUC  |9 337399 
650 0 |a Química orgánica  |x Polímeros  |x Proteínas  |9 263720 
942 |c BK  |2 ddc 
945 |d 20030523 00:00:00  |a vberengu 
952 |0 0  |1 0  |4 0  |6 540_000000000000000_CHA_2003  |7 0  |8 A  |9 365555  |a BIBCUR  |b BIBCUR  |d 2019-11-21  |i 3910202  |l 2  |o 540 CHA 2003  |p 3910202  |r 2025-04-22  |s 2025-03-21  |w 2019-11-21  |y BK  |k BAC 
952 |0 0  |1 0  |4 0  |6 540_000000000000000_CHA_2003  |7 0  |8 A  |9 365556  |a BIBCUR  |b BIBCUR  |d 2019-11-21  |i 3910210  |o 540 CHA 2003  |p 3910210  |r 2025-04-22  |w 2019-11-21  |y BK  |k BAC 
952 |0 0  |1 0  |4 0  |6 540_000000000000000_CHA_2003  |7 0  |8 A  |9 365557  |a BIBCUR  |b BIBCUR  |d 2019-11-21  |i 3910229  |o 540 CHA 2003  |p 3910229  |r 2025-04-22  |w 2019-11-21  |y BK  |k BAC 
952 |0 0  |1 0  |4 0  |6 540_000000000000000_CHA_2003  |7 0  |8 A  |9 365558  |a BIBCUR  |b BIBCUR  |d 2019-11-21  |i 3910237  |l 2  |o 540 CHA 2003  |p 3910237  |r 2025-04-22  |s 2024-05-09  |w 2019-11-21  |y BK  |k BAC 
952 |0 0  |1 0  |4 0  |6 540_000000000000000_CHA_2003  |7 0  |8 A  |9 365559  |a BIBCUR  |b BIBCUR  |d 2019-11-21  |i 3910245  |l 4  |o 540 CHA 2003  |p 3910245  |r 2025-04-22  |s 2023-06-28  |w 2019-11-21  |y BK  |k BAC 
952 |0 0  |1 0  |4 0  |6 540_000000000000000_CHA_2003  |7 0  |8 A  |9 365560  |a BIBCUR  |b BIBCUR  |d 2019-11-21  |i 3910261  |o 540 CHA 2003  |p 3910261  |r 2025-04-22  |w 2019-11-21  |y BK  |k BAC 
952 |0 0  |1 0  |4 0  |6 540_000000000000000_CHA_2003  |7 0  |8 A  |9 365561  |a BIBCUR  |b BIBCUR  |d 2019-11-21  |i 391027K  |o 540 CHA 2003  |p 391027K  |r 2025-04-22  |w 2019-11-21  |y BK  |k BAC 
952 |0 0  |1 0  |4 0  |6 540_000000000000000_CHA_2003  |7 0  |8 A  |9 365563  |a BIBMEC  |b BIBMEC  |d 2019-11-21  |i 3931846  |o 540 CHA 2003  |p 3931846  |r 2024-01-19  |w 2019-11-21  |y BK  |k MEC 
952 |0 0  |1 0  |4 0  |6 540_000000000000000_CHA_2003  |7 0  |8 A  |9 365564  |a BIBMEC  |b BIBMEC  |d 2019-11-21  |i 3940004  |l 1  |o 540 CHA 2003  |p 3940004  |r 2024-04-11  |s 2023-03-21  |w 2019-11-21  |y BK  |k MEC 
952 |0 0  |1 0  |4 0  |6 540_000000000000000_CHA_2003  |7 0  |8 A  |9 365566  |a BIBCUR  |b BIBCUR  |d 2019-11-21  |i 3959228  |o 540 CHA 2003  |p 3959228  |r 2025-04-22  |w 2019-11-21  |y BK  |k QUI 
952 |0 0  |1 0  |4 0  |6 540_000000000000000_CHA_2003  |7 0  |8 A  |9 365567  |a BIBCUR  |b BIBCUR  |d 2019-11-21  |i 3959236  |l 2  |o 540 CHA 2003  |p 3959236  |r 2025-04-22  |s 2024-06-12  |w 2019-11-21  |y BK  |k QUI 
952 |0 0  |1 0  |4 0  |6 540_000000000000000_CHA_2003  |7 0  |8 A  |9 365568  |a BIBCUR  |b BIBCUR  |d 2019-11-21  |i 3959244  |l 1  |o 540 CHA 2003  |p 3959244  |r 2025-04-22  |s 2022-03-31  |w 2019-11-21  |y BK  |k QUI 
952 |0 0  |1 0  |4 0  |6 540_000000000000000_CHA_2003  |7 0  |8 A  |9 365569  |a BIBCUR  |b BIBCUR  |d 2019-11-21  |i 3959252  |l 2  |o 540 CHA 2003  |p 3959252  |r 2025-04-22  |s 2022-06-14  |w 2019-11-21  |y BK  |k QUI 
952 |0 0  |1 0  |4 0  |6 540_000000000000000_CHA_2003  |7 0  |8 A  |9 365570  |a BIBCUR  |b BIBCUR  |d 2019-11-21  |i 3959260  |o 540 CHA 2003  |p 3959260  |r 2025-04-22  |w 2019-11-21  |y BK  |k QUI 
952 |0 0  |1 0  |4 0  |6 540_000000000000000_CHA_2003  |7 0  |8 A  |9 365571  |a BIBCUR  |b BIBCUR  |d 2019-11-21  |i 3959279  |l 5  |o 540 CHA 2003  |p 3959279  |r 2025-04-22  |s 2024-10-23  |w 2019-11-21  |y BK  |k QUI 
952 |0 0  |1 0  |4 0  |6 540_000000000000000_CHA_2003  |7 0  |8 A  |9 365572  |a BIBCUR  |b BIBCUR  |d 2019-11-21  |i 3959287  |l 1  |o 540 CHA 2003  |p 3959287  |r 2025-04-22  |s 2023-05-17  |w 2019-11-21  |y BK  |k QUI 
952 |0 0  |1 0  |4 0  |6 540_000000000000000_CHA_2003  |7 0  |8 A  |9 365573  |a BIBCUR  |b BIBCUR  |d 2019-11-21  |i 3959295  |o 540 CHA 2003  |p 3959295  |r 2025-04-22  |w 2019-11-21  |y BK  |k QUI 
952 |0 0  |1 0  |4 0  |6 540_000000000000000_CHA_2003  |7 0  |8 A  |9 365575  |a BIBCUR  |b BIBCUR  |d 2019-11-21  |i 3959325  |o 540 CHA 2003  |p 3959325  |r 2025-04-22  |w 2019-11-21  |y BK  |k QUI 
952 |0 0  |1 0  |4 0  |6 540_000000000000000_CHA_2003  |7 0  |8 A  |9 365576  |a BIBCUR  |b BIBCUR  |d 2019-11-21  |i 3959333  |o 540 CHA 2003  |p 3959333  |r 2025-04-22  |w 2019-11-21  |y BK  |k QUI